000
00329 a2200157 4500
001
176128
020
_a
040
_c
Magnum
100
_a
Jimenez, Felipe Pedraza
240
1
0
_a
Vamos a hablar/v.3
_l
ESP
245
1
0
_a
Vamos a hablar/v.3
362
0
_a
1899
440
1
_a
Ática
697
_a
MAGNITO: ESPANHOL
942
_c
BK
999
_c
176128
_d
176128